000 00355nam a2200169Ia 4500
100 _aDr.Alan Loy McGinnis
650 _aPhilosophy
942 _cBK
366 _f25
654 _aconfidence
245 _aConfidence
260 _bBetter Yourself Books
_aBandra
_c2005
082 _a170/ALA
_bALA
300 _a254
546 _aENGLISH
999 _c32216
_d32216